=LDR 00000nam 2200000 4500 =001 INLIS000000000035316 =005 20130612141202 =008 ***********************************ind** =035 ##$$0010-061300000035316 =041 ##$$a ind =082 ##$$a 347.01 =090 ##$$a 347.01, Abd p =100 ##$$a Abdullah, Abdul Gani =245 ##$$a Perencanaan pebangunan hukum nasional tentang material peradilan agama, Abdul gani abdullah;editor, Ninuk arifah =260 ##$$a Departemen hukum dan hak asasi monusik Ri $b Jakarta =300 ##$$a X,70 Hlm, 21 Cm =650 ##$$a Pengadilan Agama =700 ##$$a Drifah, Ninuk =850 ##$$a NBPNMAT